000 00826nam a2200241Ia 4500
003 OSt
005 20220918170925.0
006 a|||||r|||| 00| 0
007 ta
008 220917b |||||||| |||| 00| 0 eng d
020 _a9780821375402 (pbk)
_c1958.40
024 _a239,705
037 _b149, 16/07/2009, Bharatiya Sahitya Bhavana
_cTextual
040 _aARTS
_cARTS
_beng
041 _2eng
_aeng
082 _aT15:893.6, P9 (906)
245 0 _aAbolishing school fees in Africa
_b Lessons from Ethiopia, Ghana, Kenya, Malawi, and Mozambique
260 _aWashington
_bThe World Bank in Collaboration with UNICEF U.S.A
_c2009
300 _axxiv, 251p.
_ccm.
650 _aEDUCATION
942 _hT15:893.6, P9 (906)
_cTEXL
_2CC
999 _c136688
_d136688